|
|
|
|
| LEADER |
00000nab a2200000 a 4500 |
| 001 |
vtls000764360 |
| 003 |
SK-MaSNL |
| 005 |
20260302153152.0 |
| 008 |
131021c2001 xo 0 slo |
| 015 |
|
|
|a SNBRB2001/08-22548
|
| 035 |
|
|
|a CLN000116147
|
| 040 |
|
|
|a SNKBUCL
|b slo
|c SNKBUCL
|e AACR2
|
| 041 |
0 |
|
|a slo
|
| 044 |
|
|
|a xo
|c SK
|
| 080 |
|
|
|a 82.09:885.4-3(048)
|2 1997
|
| 080 |
|
|
|a 885.4-3(048)
|2 1997
|
| 100 |
1 |
|
|a Gajdoš, Martin,
|d 1976-
|4 aut
|9 107655
|
| 245 |
1 |
0 |
|a Zväzky, putá a či gordický uzly?
|c Martin Gajdoš
|
| 650 |
0 |
7 |
|a novely spoločenské slovenské
|x recenzie
|2 snkbucl
|9 847768
|
| 655 |
|
7 |
|a články z novín a časopisov
|2 snkbucl
|9 267496
|
| 655 |
|
7 |
|a články z odboru literárna veda a krásna literatúra
|2 snkbucl
|9 770045
|
| 773 |
0 |
|
|t Slovenské pohľady
|g Roč. 4+117, č. 5 (2001), s. 115-117
|
| 787 |
0 |
8 |
|i Rec.:
|a Juráňová, Jana, 1957-
|t Utrpenie starého kocúra
|d Bratislava : Aspekt, 2000
|z 8085549174
|
| 850 |
|
|
|a Slovenská národná knižnica v Martine
|
| 852 |
|
|
|a SNK
|b KIS3GCP
|
| 958 |
|
|
|a LX
|
| 958 |
|
|
|a SK
|
| 958 |
|
|
|a RC
|
| 992 |
|
|
|a RBX
|
| 999 |
|
|
|c 1364621
|d 1366551
|